Normal view
MARC view
Entry Topical Term
001 - CONTROL NUMBER
- control field: 9675
003 - CONTROL NUMBER IDENTIFIER
- control field: BD-RjUL
005 - DATE AND TIME OF LATEST TRANSACTION
- control field: 20231018145654.0
008 - FIXED-LENGTH DATA ELEMENTS
- fixed length control field: 231018|| aca||aabn | a|a d
040 ## - CATALOGING SOURCE
- Original cataloging agency: BD-RjUL
- Transcribing agency: BD-RjUL
150 ## - HEADING--TOPICAL TERM
- Topical term or geographic name entry element: Persian poetry
- Geographic subdivision: India
- Chronological subdivision: 19th century
670 ## - SOURCE DATA FOUND
- Source citation: Work cat.: (BD-RjUL)82156: غالب، ميرزا عبدالله خان.;; Ghalib, Mirza Asadullah Khan, 1797-1869. 9674, کلىات غالب فارسى ;; Kulliyāt-i G̲h̲ālib Fārsī /, [1965]